00487nam a2200145 a 450000100100000000500170001000800410002704000250006808200140009310000370010724500310014426000370017595201120021299900170032400004661420240306073910.0110714s1982 000 0 spa d aDO-SdBNPbspacBNPHU axxxxbxxx1 aMartí, José,d1853-1895964510aCartas a María Mantilla. aLa Habana :bGente nueva,c1982. 001050718MOaGRbGRcHDd2017-04-26iLF1l0oxxxx xxxp46614-10r2020-06-25w2020-06-25y1ZNo se presta c46103d46103